01129nam a2200301Ia 4500001000700000003000500007008004100012010001100053040000900064090001600073100003400089245018100123260004100304300001000345502007600355650003600431650003300467650002900500650005000529700004500579901001600624902000600640910000900646942000600655942000600661999001900667952014100686Z_2227CHAP220113s1995 xx 000 0 und d a165283 cCHAP aTesis S 936 aSerrano Silva, Bogart9105248 aDeterminación de niveles óptimos biológicos y económicos de energía y fibra en conejos en crecimiento /cpor Bogart Serrano Silva y Héctor B. Terrones Fernández aChapingo, Méx. :bEl autor,c1995 a63 h. aTesis (Ing. Agr. Esp. en Zootecnia) -- UACH. Departamento de Zootecnia aConejosxAlimentación 926353 aConejosxCrecimiento 926357 aConejosxEngorda 926363 aFibras vegetales en nutrición animal940707 aTerrones Fernández, Héctor B9139240 aTESIS S 936 aM a1995 c2 c2 c165283d165283 00102local4051708TESISaZbZd2005-11-09eEl autorl0oTesis S47 936 1995p5101001372r2022-01-18 00:00:00tEj.1w2022-01-18yTESIS